LEADER 01394nam a2200325 a 4500 001 000000149546 003 CaOOAMICUS 005 20160222155050.0 008 160219s2015 it u000 u ita r 020 $a978-88-215-9617-9* 032 $aLibriCat 040 $aPUL$bita 082 14$a270 110 2 $aPontificio Consiglio per la promozione della nuova evangelizzazione.$0(OLS)http://pul/name/85344 245 10$aSanti nella Misericordia /$cPontificio Consiglio per la promozione della nuova evangelizzazione. 260 $aCinisello Balsamo :$bSan Paolo,$c©2015. 300 $a139 p. ;$c19 cm. 490 1 $aSussidi per vivere il Giubileo ;$v6 500 $aAllegato a Credere e a Famiglia Cristiana. 650 4$aMisericordia.$0(OLS)http://pul/subject/36909 650 4$aSanti$xCulto.$0(OLS)http://pul/subject/1170 830 0$aSussidi per vivere il Giubileo ;$v6.$0(OLS)http://pul/title/188536 850 $aPUL 852 $aPUL$W1$xSL Religione 3$y85$m270 PCPNE 1$j172202$qDDC 21$B173826$CPULBib$Z2$F173826 $H127189 $81 941 1 $a9 996 $6020$a978-88-215-9617-9*$9(OLS)http://pul/number/159783 996 $6082$a270$9(OLS)http://pul/classification/472 996 $6245$aSanti nella Misericordia$9(OLS)http://pul/title/188546 996 $6260$aCinisello Balsamo :$bSan Paolo$9(OLS)http://pul/publisher/54577 LEADER 01972namaa2200397 i 4500 001 000000178149 003 CaOOAMICUS 005 20251024110803.0 007 tu 008 251024s1994 it oac 000 u ita r 020 $a88-86179-33-2* 040 $aPUL$bita$erda 082 0 $a282.453 245 02$aI territori del confine orientale italiano nelle lettere dei vescovi alla Santa Sede, 1918-1922 /$ca cura di Antonio Scottą ; presentazione di Gabriele De Rosa. 264 4$c©1994. 264 1$aTrieste :$bEdizioni Lint,$c[1994] 300 $axxvi, 512 pagine, 6 carte di tavola :$bfotografie, illustrazioni, ritratti ;$a24 cm 336 $atesto$btxt$2rdacontent 337 $asenza mediazione$bn$2rdamedia 338 $avolume$bnc$2rdacarrier 440 0$aFonti e studi di storia veneta ;$v21 504 $aBibliografia in nota a pič pagina. 651 4$aItalia$xStoria ecclesiastica$ySec. XX.$0(OLS)http://pul/subject/11772 700 1 $aDe Rosa, Gabriele,$d1917-2009,$eautore di introduzione.$0(OLS)http://pul/name/2754 700 1 $aScottą, Antonio,$csacerdote,$d1934-2017,$ecuratore.$0(OLS)http://pul/name/1450 830 0$aFonti e studi di storia veneta. Istituto per le Ricerche di Storia Sociale e Religiosa ;$v21.$0(OLS)http://pul/title/219713 850 $aPUL 852 $aPUL$W1$xDP1 Fondo Liberati$y125$m2 I 1$j157542$qFondi$B207236$CPULBib$Z2$F207236 $HLib158 $82 941 1 $a1 996 $6020$a88-86179-33-2*$9(OLS)http://pul/number/170628 996 $6082$a282.453$9(OLS)http://pul/classification/3628 996 $6245$aI territori del confine orientale italiano nelle lettere dei vescovi alla Santa Sede, 1918-1922$9(OLS)http://pul/title/219712 996 $6440$aFonti e studi di storia veneta$9(OLS)http://pul/title/5453 996 $6264$aTrieste :$bEdizioni Lint$9(OLS)http://pul/publisher/59600 996 $6264$a[S.l.] :$b[s.n.]$9(OLS)http://pul/publisher/0